A salesman's journey to mission / (Record no. 1797)

MARC details
000 -LEADER
fixed length control field 00677cam a2200241 a 4500
001 - CONTROL NUMBER
control field 6632021
003 - CONTROL NUMBER IDENTIFIER
control field GBCCL
005 - DATE AND TIME OF LATEST TRANSACTION
control field 20241126110409.0
008 - FIXED-LENGTH DATA ELEMENTS--GENERAL INFORMATION
fixed length control field 040706s2003 ii af 000 0aeng c
020 ## - INTERNATIONAL STANDARD BOOK NUMBER
International Standard Book Number 8172147813
020 ## - INTERNATIONAL STANDARD BOOK NUMBER
International Standard Book Number 9788172147815
035 ## - SYSTEM CONTROL NUMBER
System control number (OCoLC)ocn691065015
035 ## - SYSTEM CONTROL NUMBER
System control number 6632021
040 ## - CATALOGING SOURCE
Transcribing agency gbc
082 ## - DEWEY DECIMAL CLASSIFICATION NUMBER
Classification number 266.0092
Item number BAL
100 1# - MAIN ENTRY--PERSONAL NAME
Personal name Balraj, James E.
9 (RLIN) 3724
245 12 - TITLE STATEMENT
Title A salesman's journey to mission /
Statement of responsibility, etc. James E. Balraj.
260 ## - PUBLICATION, DISTRIBUTION, ETC.
Place of publication, distribution, etc. New Delhi :
Name of publisher, distributor, etc. Indian Society for Promoting Christian Knowledge,
Date of publication, distribution, etc. 2003.
300 ## - PHYSICAL DESCRIPTION
Extent 201p.;
Dimensions 20 cm.
650 ## - SUBJECT ADDED ENTRY--TOPICAL TERM
Topical term or geographic name entry element Missions
Form subdivision Biography
9 (RLIN) 3775
710 2# - ADDED ENTRY--CORPORATE NAME
Corporate name or jurisdiction name as entry element I.S.P.C.K. (Organization)
9 (RLIN) 393
942 ## - ADDED ENTRY ELEMENTS (KOHA)
Source of classification or shelving scheme Dewey Decimal Classification
Koha item type Books
Holdings
Withdrawn status Lost status Source of classification or shelving scheme Damaged status Not for loan Home library Current Library Shelving location Date acquired Total checkouts Full call number Barcode Date last seen Copy number Price effective from Koha item type
    Dewey Decimal Classification     GRACE BIBLE COLLEGE GRACE BIBLE COLLEGE Ministry & Mission 2017-05-25   266.0092 BAL 006928 2025-05-01 c.1 2017-05-25 Books
© Grace Bible College Library 2025